| 000 | 00963nas a22002657i 4500 | ||
|---|---|---|---|
| 999 |
_c23086 _d23086 |
||
| 003 | AR-CdUCM | ||
| 008 | 241004b20162016 pe||||| |||| 00| 0 spa d | ||
| 040 |
_aMUNICIPALIDAD PROVINCIAL DEL CUSCO _cBIBLIOTECA MUNICIPAL DEL CUSCO |
||
| 041 | _hspa | ||
| 082 |
_a079.8 / T35 _bT35 |
||
| 100 |
_aTello, María del Pilar _93758 |
||
| 245 |
_aEl Poder y las Sombras : _bHacia el equilibrio político mediático / |
||
| 260 |
_aLima : _bFondo Editorial del Congreso del Perú _c2016 |
||
| 300 |
_a659 páginas _c24x15 cm. |
||
| 500 | _zBibliografía: 635-660 páginas | ||
| 505 | _aPeriodismo arma de doble filo -- Derecho de información -- Prensa corrupción -- Telecomunicación | ||
| 650 |
_aInformación _923515 |
||
| 650 |
_aPoder _94273 |
||
| 650 |
_aLibertad de expresión _941496 |
||
| 650 |
_aMedios públicos _950696 |
||
| 650 |
_aCorrupción y poder _950697 |
||
| 856 | _fwww.congreso.gob.pe | ||
| 942 |
_2ddc _cLIBROS |
||
| 945 |
_apbj _d04/10/2026 |
||